| 000 | 00507nam a2200169 4500 | ||
|---|---|---|---|
| 001 | 113053 | ||
| 003 | ES-MaACL | ||
| 005 | 20230906185733.0 | ||
| 007 | t| | ||
| 008 | 061121s1934 ec r ||||1| spa d | ||
| 100 | 1 |
_aNúñez, Sergio. _986167 |
|
| 245 | 1 | 0 |
_aNovelas del Páramo y de la Cordillera / _cSergio Núñez ; prólogo de Isaac J. Barrera. |
| 260 |
_aQuito : _b[s. n.], _c1934 ( _fImp. Ecuador) |
||
| 300 |
_a293 p. ; _c20 cm. |
||
| 700 | 1 |
_aBarrera, Isaac J. _925920 |
|
| 852 |
_aES-MaACL _jA-3561 |
||
| 999 |
_c113053 _d113053 |
||